[Event "Mittelfranken-chTB2a 1718"]
[Site "Mittelfranken"]
[Date "2017.11.19"]
[Round "3.8"]
[White "Schuster, Erwin"]
[Black "Lingl, Peter"]
[Result "1-0"]
[WhiteElo "1236"]
[BlackElo "1395"]
[PlyCount "61"]
[EventDate "2017.10.08"]
[EventType "team-tourn"]
[EventRounds "9"]
[EventCountry "GER"]
[SourceTitle "EXT 2022"]
[Source "ChessBase"]
[SourceDate "2021.10.06"]
[SourceVersion "1"]
[SourceVersionDate "2021.10.06"]
[SourceQuality "1"]
[WhiteTeam "Treuchtlingen/Wet SG"]
[BlackTeam "Jaecklechemie SC"]
[WhiteTeamCountry "GER"]
[BlackTeamCountry "GER"]

1. e4 e5 2. d4 exd4 3. c3 dxc3 4. Nxc3 g6 5. Bc4 Bg7 6. Qf3 Qf6 7. Nd5 Qxf3 8. Nxf3 Kd8 9. Bg5+ f6 10. Bf4 d6 11. Rc1 Nd7 12. Nxc7 Kxc7 13. Bxg8+ Kd8 14. Bd5 Ne5 15. Ke2 Rb8 16. Nd4 Re8 17. Rhd1 a6 18. Rxc8+ Kxc8 19. Rc1+ Kd7 20. f3 Nc6 21. Nxc6 Rbc8 22. Nb4 Rxc1 23. Bxc1 a5 24. Nc2 b6 25. Nd4 f5 26. Bc6+ Kd8 27. Bxe8 Kxe8 28. Ne6 Bf6 29. Nc7+ Kd7 30. Nd5 Bg7 31. Nxb6+ 1-0